Statistiques concernant Quiz des membres de l'A.D. Harry Potter

Cliquez ici pour prendre le quiz!

Statistiques générales

  • Ce quiz a été pris 26 fois
  • Le résultat moyen est 16 sur 29

Statistiques - réponses

indiceréponse% Correct
Personnage qui croit aux Ronflaks CornusLuna Lovegood
90%
Serdaigle amoureuse de Cedric Diggory et...Cho Chang
86%
Gryffondor ayant eu l'idée de créer l'A.D.Hermione Granger
86%
Personnage qui est allée au bal
de Noël avec Harry
Parvati Patil
86%
Personnage ayant perdu une oreille lors de la bataille des 7 PotterGeorge Weasley
81%
Personnage arachnophobeRon Weasley
81%
Gryffondor mort pendant la Bataille de Poudlard après une explosionFred Weasley
76%
Meilleur ami de Dean ThomasSeamus Finnigan
76%
Personnage ayant embrassé Ginny sous les yeux de Ron et HarryDean Thomas
71%
Professeur de l'A.D.Harry Potter
71%
Petite amie de Ron rendant Hermione jalouseLavande Brown
67%
Personnage prenant le relai d'Harry à la tête de l'A.D.Neville Londubat
67%
Commentateur des matchs de Quidditch un peu trop partialLee Jordan
57%
Capitaine de l'équipe de Quidditch de Gryffondor après DuboisAngelina Johnson
52%
Fan N°1 d'Harry PotterColin Crivey
52%
1ère fille de la famille de son père depuis plusieurs générationGinny Weasley
52%
Gryffondor envoyée à Ste Mangouste à cause du collier d'opaleKatie Bell
52%
Serdaigle devenant préfète en 5ème annéePadma Patil
48%
Serdaigle dont le nom de famille voudrait dire botte en françaisTerry Boot
43%
Poursuiveuse de la 1ère équipe de GryffondorAlicia Spinnet
38%
Poufsouffle pétrifié par le Basilic en 2ème annéeJustin Finch-Fletchley
33%
Poufsouffle dont la tante travaille au Département de la justice magiqueSusan Bones
33%
Personnage dont les ancêtres sont Tina et QueenieAnthony Goldstein
29%
Élève tombant dans le lac lors de sa 1ère année et qui fut rejeté par le calamar géantDennis Crivey
29%
Serdaigle ayant trahi l'A.D. (Dans les livres)Marietta Edgecombe
24%
Serdaigle et 1er petit copain de GinnyMichael Corner
24%
Poufsouffle répendant la rumeur qu'Harry serait l'héritier de SerpentardErnie Macmillan
19%
Poufsouffle ayant épousé NevilleHannah Abbot
19%
Seul Poufsouffle à être parti lors de la Bataille de PoudlardZacharias Smith
19%

Distribution des résultats

Percentile par nombre de réponses

% des personnes avec chaque résultat

Votre développement - résultats

Vous n’avez pas pris ce quiz